<?xml version="1.0" encoding="UTF-8"?>
<collection xmlns="http://www.loc.gov/MARC21/slim">
  <record>
    <leader>00000nam  2200000   4500</leader>
    <controlfield tag="001">INLIS000000000002951</controlfield>
    <controlfield tag="005">20190301102825</controlfield>
    <datafield tag="035" ind1="#" ind2="#">
      <subfield code="a">0010-0718002951</subfield>
    </datafield>
    <controlfield tag="008">190301################g##########0#eng##</controlfield>
    <datafield tag="041" ind1=" " ind2=" ">
      <subfield code="a">en</subfield>
    </datafield>
    <datafield tag="082" ind1="#" ind2="#">
      <subfield code="a">060</subfield>
    </datafield>
    <datafield tag="090" ind1=" " ind2=" ">
      <subfield code="a">060 Arg o</subfield>
    </datafield>
    <datafield tag="100" ind1=" " ind2="#">
      <subfield code="a">Argyris, Chris</subfield>
    </datafield>
    <datafield tag="245" ind1="1" ind2="#">
      <subfield code="a">Organization and Innovation /</subfield>
      <subfield code="c">Chris Argyris</subfield>
    </datafield>
    <datafield tag="260" ind1="#" ind2="#">
      <subfield code="a">Homewood, illinois :</subfield>
      <subfield code="b">Richard D. Irwin, Inc,</subfield>
      <subfield code="c">1965</subfield>
    </datafield>
    <datafield tag="300" ind1="#" ind2="#">
      <subfield code="a">xii; 274 hlm. :</subfield>
      <subfield code="b">ilus ;</subfield>
      <subfield code="c">23 cm</subfield>
    </datafield>
    <datafield tag="500" ind1="#" ind2="#">
      <subfield code="a">There is a role for research that can be of help to individuals and to organizations and which can also help illuminate (even in a small way) some aspects of individual and organizational theory. For too long, the social sciences have been plagued with the dichotomy of basic versus applied research and one could do one or the other but not both. The desire to explore the interrelationships among the many levels of a system makes it difficult to allocate time and resource to explore, in detail the interrelationships within each level.</subfield>
    </datafield>
    <datafield tag="650" ind1=" " ind2="#">
      <subfield code="a">Organisasi</subfield>
    </datafield>
    <datafield tag="084" ind1="#" ind2="#">
      <subfield code="a">060 Arg o</subfield>
    </datafield>
    <datafield tag="856" ind1="#" ind2="#">
      <subfield code="a">Perpustakaan Lembaga Administras Negara</subfield>
    </datafield>
    <datafield tag="990" ind1="#" ind2="#">
      <subfield code="a">17249</subfield>
    </datafield>
  </record>
</collection>
